Score 0/24 Timer 06:00
0 Plays Today
% Correct
Michael Jackson performing 'Billie Jean' (Motown 25th Anniversary)
99.3%
David Beckham celebrating a goal
93.4%
Adam Sandler & David Spade as 'Lenny' and 'Marcus' (Grown Ups)
92.8%
Julie Andrews as 'Mary Poppins' (Mary Poppins)
89.5%
Jackie Chan as 'Asian Hawk' (Chinese Zodiac)
88%
Vladimir Putin visiting the Novogorsk Training Center
79.8%
Tom Cruise as 'Joel Goodson' (Risky Business)
78.8%
Usher with his sons
74.3%
Kate Winslet & Hugh Jackman at NY premiere of Flushed Away
72.3%
Mel Gibson as 'Tom Mullen' (Ransom)
66.1%
George H.W. Bush and Arnold Schwarzenegger, Camp David, 1991
65.5%
Fred Astaire, rehearsing for scene (Blue Skies)
65.3%
% Correct
Renee Zellweger as 'Bridget Jones' (Bridget Jones' Diary)
65.1%
Jennifer Garner and daughter
64.6%
George Lopez hosting his 'Lopez Tonight' TV show
60.4%
'Legolas' portrayed by Orlando Bloom (LOTR: The Return of the King)
56.4%
Taylor Lautner as 'Nathan Harper' in poster (Abduction)
53.9%
Lady Gaga's grand entrance on GMA for a Central Park performance
46.5%
Paul Newman as 'Ram Bowen' (Paris Blues)
38.4%
Timothy Dalton as 'James Bond' (The Living Daylights)
37%
Michael Douglas as 'Jack', Kathleen Turner as 'Joan' (Romancing the Stone)
32%
Rickey Henderson avoiding a pickoff attempt at first base
28.9%
Jimmie Johnson after his 2013 Daytona 500 victory
25%
Duane Allman in concert
15.1%
Remove Ads.
Support Sporcle.
Get the best of Sporcle when you Go Orange. This ad-free experience offers more features, more stats, and more fun while also helping to support Sporcle. Thank you for becoming a member.

You're not logged in!

Compare scores with friends on all Sporcle quizzes.
OR
Log In

Sporcle TV

Today on Sporcle TV


Watch our educational content, quiz creation guides, and fun videos on Sporcle TV.

Show Comments

Extras

Top Quizzes Today


Score Distribution

Paid Content

Your Account Isn't Verified!

In order to create a playlist on Sporcle, you need to verify the email address you used during registration. Go to your Sporcle Settings to finish the process.

Report this User

Report this user for behavior that violates our Community Guidelines.

Details: